| 000 | 00402nam a22001457a 4500 | ||
|---|---|---|---|
| 082 | _aSID | ||
| 100 | _aSIDA | ||
| 245 | _aRegienal master plan for the left book of river Indus dalta and coastal zone | ||
| 250 | _a diferent vol 1 to 10 | ||
| 260 |
_aKarachi _bSIDA _c2013 |
||
| 300 | _a589 | ||
| 500 | _aDonated By Prof Dr Asadullah Kazi | ||
| 700 | _aDonated By Prof Dr Asadullah Kazi | ||
| 942 | _cBK | ||
| 999 |
_c57768 _d57765 |
||